00751nam a2200217Ia 4500008004100000020001800041020001800059040001800077041000800095100001900103245009600122250001200218260007200230300003400302504005300336650003900389650003700428650003000465650001700495700002100512130821s2009 xxua gr eng  a9781848601116 a9781848601123 aCo-BoUCMbspa00aeng1 aAlvesson, Mats10aReflexive methodology new vistas for qualitative researchcMats Alvesson y Kaj Sköldberg a2nd ed. aThousand Oaks (California, Estados Unidos)bSAGE Publicationsc2009 aix, 350 páginasbgráficas aIncluye referencias bibliográficas e índice.04aCiencias socialesxInvestigaciones04aCiencias socialesxMetodología04aReflexión (Filosofía)04aSociología1 aSköldberg, Kaj